[Event "Bad Mergentheim op"]
[Site "Bad Mergentheim"]
[Date "1989.??.??"]
[Round "?"]
[White "Lanka, Zigurds"]
[Black "Kurz, Eugen"]
[Result "1-0"]
[WhiteElo "2445"]
[BlackElo "2285"]

1.e4 c5 2.Nf3 e6 3.d4 cxd4 4.Nxd4 a6 5.Nc3 Qc7 6.g3 Nf6 7.Bg2 d6 8.O-O Be7
9.f4 O-O 10.g4 e5 11.Nf5 Bxf5 12.exf5 Nc6 13.g5 Nd7 14.Nd5 Qd8 15.c3 exf4
16.h4 Re8 17.Nxf4 Rb8 18.Qh5 Nce5 19.Bd5 Rf8 20.Be3 Kh8 21.f6 gxf6 22.Be4  1-0

[Event "Bad Mergentheim op"]
[Site "Bad Mergentheim"]
[Date "1989.??.??"]
[Round "?"]
[White "Jansa, Vlastimil"]
[Black "Gabriel, Christian"]
[Result "1-0"]
[WhiteElo "2505"]
[BlackElo "2285"]

1.e4 c5 2.Nf3 e6 3.Nc3 a6 4.d4 cxd4 5.Nxd4 Qc7 6.g3 Nf6 7.Bg2 Nc6 8.O-O Nxd4
9.Qxd4 Bc5 10.Bf4 d6 11.Qd3 h6 12.Na4 e5 13.Bd2 Bd4 14.c3 Ba7 15.c4 Nd7 16.Rac1 Nf8
17.Nc3 Ne6 18.Nd5 Qd8 19.Be3 Nd4 20.b4 Bg4 21.f3 Bd7 22.Rf2 Rc8 23.f4 b5
24.c5 dxc5 25.bxc5 Nc6 26.f5 O-O 27.f6 Be6 28.fxg7 Kxg7 29.Qd2 Rh8 30.Rf6 Bxd5
31.Rd6 Qe7 32.exd5 Nd4 33.Bxd4 exd4 34.Qxd4+ f6 35.Qg4+  1-0

[Event "Bargteheide op"]
[Site "Bargteheide"]
[Date "1989.??.??"]
[Round "?"]
[White "Siemers, Joerg"]
[Black "Gerstner, Wolfgang"]
[Result "0-1"]
[WhiteElo "2235"]
[BlackElo "2365"]

1.e4 c5 2.Nf3 e6 3.d4 cxd4 4.Nxd4 a6 5.Nc3 Qc7 6.Be2 Nf6 7.O-O d6 8.a4 Be7
9.Kh1 O-O 10.f4 Nc6 11.Be3 Re8 12.Bf3 Bd7 13.g4 Nxd4 14.Qxd4 e5 15.Qd1 exf4
16.Bxf4 Bc6 17.g5 Nd7 18.Bg2 Bf8 19.a5 Ne5 20.b3 g6 21.Be3 Bg7 22.Bd4 Qe7
23.Qd2 Rf8 24.Rad1 f6 25.gxf6 Rxf6 26.Rxf6 Qxf6 27.Rf1 Qe7 28.Bg1 Nf7 29.Nd5 Qe5
30.c4 Re8 31.h4 Qg3 32.Qf4 Qxf4 33.Rxf4 Be5 34.Rf3 Kg7 35.Bh3 Bb2 36.Rf2 Ba3
37.Rf4 Bc5 38.Nf6 Re5 39.Bd7 Bxg1 40.Kxg1 Bxd7 41.Nxd7 Rxa5 42.c5 Rb5 43.cxd6 Nxd6
44.e5 Nf5 45.b4 Rd5 46.e6 Rd4 47.Rxd4 Nxd4 48.Nc5 Kf6 49.Nxb7 Nxe6 50.Kf2 Ke5
51.Ke3 Kd5 52.Na5 Nd4 53.Kf4 h6 54.Nb7 Nc6 55.Nc5 Nxb4 56.Nd7 a5 57.Ke3 Ke6
58.Nc5+ Kf5 59.Kf3 Nd5 60.Na4 Ke5 61.Kg3 Kd4 62.Kf3 Nc3 63.h5 g5  0-1

[Event "Belgrade (Women)"]
[Site "Belgrade"]
[Date "1989.??.??"]
[Round "4"]
[White "Makropoulou, Marina"]
[Black "Bojkovic, Natasa"]
[Result "1/2-1/2"]
[WhiteElo "2255"]
[BlackElo "2260"]

1.e4 c5 2.Nf3 e6 3.d4 cxd4 4.Nxd4 a6 5.Nc3 Qc7 6.g3 Bb4 7.Ne2 Be7 8.Bg2 Nf6
9.O-O Nc6 10.a4 O-O 11.h3 Rb8 12.g4 d6 13.Ng3 b6 14.f4 Re8 15.Kh1 Bb7 16.g5 Nd7
17.b3 Nb4 18.Bb2 Bf8 19.Rf2 Rbd8 20.Qd2 Nc5 21.Nd1 d5 22.Be5 Qc8 23.Ne3 Nxe4
24.Nxe4 dxe4 25.Qe2 Nd5 26.Ng4 e3 27.Rff1 Nc3 28.Qxe3 Bxg2+ 29.Kxg2 Qa8+
30.Kh2 Ne4 31.Rad1 Qc6 32.c4 b5 33.Rd4 Rxd4 34.Qxd4 Bc5  1/2-1/2

[Event "Lasker mem"]
[Site "Berlin"]
[Date "1989.??.??"]
[Round "8"]
[White "Mueller, Karsten"]
[Black "Fries Nielsen, Jens Ove"]
[Result "1/2-1/2"]
[WhiteElo "2365"]
[BlackElo "2425"]

1.e4 c5 2.Nf3 e6 3.d4 cxd4 4.Nxd4 a6 5.Nc3 Nc6 6.Be3 Qc7 7.Be2 Nf6 8.O-O Bb4
9.Nxc6 bxc6 10.Na4 d5 11.Nb6 Rb8 12.Nxc8 Qxc8 13.exd5 cxd5 14.Bd4 O-O 15.Bd3 Nd7
16.Qe2 Bc5 17.Bxh7+ Kxh7 18.Qh5+ Kg8 19.Bxg7 Kxg7 20.Qg5+ Kh7 21.Qh5+ Kg7
22.Qg5+  1/2-1/2

[Event "Lasker mem"]
[Site "Berlin"]
[Date "1989.??.??"]
[Round "10"]
[White "Mueller, Karsten"]
[Black "Schlosser, Philipp"]
[Result "1/2-1/2"]
[WhiteElo "2365"]
[BlackElo "2475"]

1.e4 c5 2.Nf3 e6 3.d4 cxd4 4.Nxd4 a6 5.Nc3 d6 6.Bc4 Nf6 7.O-O Be7 8.Bb3 O-O
9.f4 Nc6 10.Be3 Bd7 11.f5 Nxd4 12.Qxd4 Ng4 13.fxe6 Bxe6 14.Nd5 Bxd5 15.Bxd5 Bf6
16.Qd2 Rc8 17.c3 Be5 18.h3 Nxe3  1/2-1/2

[Event "Bern op"]
[Site "Bern"]
[Date "1989.??.??"]
[Round "?"]
[White "Forgacs, Gyula"]
[Black "Timmer, Robert"]
[Result "1-0"]
[WhiteElo "2340"]
[BlackElo "2270"]

1.e4 c5 2.Nf3 e6 3.d4 cxd4 4.Nxd4 a6 5.Nc3 Qc7 6.Bd3 Nf6 7.Bg5 Be7 8.f4 h6
9.Bxf6 Bxf6 10.e5 Bh4+ 11.g3 Be7 12.Qg4 Bf8 13.O-O-O b5 14.Ne4 h5 15.Qg5 Rh6
16.Nd6+ Bxd6 17.exd6 Qxd6 18.Be4  1-0

[Event "Biel op"]
[Site "Biel"]
[Date "1989.??.??"]
[Round "8"]
[White "Paglietti, Nicola"]
[Black "Gheorghiu, Florin"]
[Result "0-1"]
[WhiteElo "2335"]
[BlackElo "2495"]

1.e4 c5 2.Nf3 e6 3.d4 cxd4 4.Nxd4 a6 5.Nc3 Qc7 6.Be2 b5 7.O-O Bb7 8.Bf3 Nc6
9.a4 b4 10.Nxc6 dxc6 11.Nb1 Nf6 12.Nd2 a5 13.Nc4 Ba6 14.b3 Bxc4 15.bxc4 Bd6
16.h3 Be5 17.Rb1 Nd7 18.Be3 c5 19.Be2 Nb6 20.c3 Bxc3 21.f4 Rd8 22.Qc2 Bd4
23.Bxd4 Rxd4 24.f5 e5 25.f6 g6 26.Rbd1 Kd8 27.Rxd4+ exd4 28.Qd2 h5 29.Qg5 Re8
30.Qh6 Nd7 31.Qg7 Ne5 32.g4 hxg4 33.hxg4 Kc8 34.Rf2 Qd8 35.Rh2 d3 36.Bd1 Qd4+
37.Kf1 Qa1 38.Ke1 Qc3+ 39.Kf1 Qc1 40.Ke1 Qe3+ 41.Kf1 Qf4+ 42.Kg1  0-1

[Event "Noviki-A"]
[Site "Budapest"]
[Date "1989.??.??"]
[Round "?"]
[White "Brunner, Lucas"]
[Black "Van Mil, Johannes A J"]
[Result "1/2-1/2"]
[WhiteElo "2425"]
[BlackElo "2370"]

1.e4 c5 2.Nf3 e6 3.Nc3 a6 4.d4 cxd4 5.Nxd4 Nc6 6.g3 Nxd4 7.Qxd4 Ne7 8.Be3 b5
9.f4 Nc6 10.Qd2 Be7 11.Qf2 Rb8 12.Bg2 Qc7 13.O-O O-O 14.g4 Na5 15.Ba7 Rb7
16.Bd4 d6 17.f5 Nc6 18.Bxg7 Kxg7 19.f6+ Kh8 20.fxe7 Qxe7 21.Ne2 Ne5 22.h3 h5
23.gxh5 Qg5 24.Rad1 Rd7 25.Nf4 Rg8 26.Kh1 Kh7 27.b3 Qg3 28.Nd3 Qxf2 29.Rxf2 Rc7
30.Ne1 Rd7 31.Nf3 Nxf3 32.Bxf3 Kh6 33.Rd4 Bb7 34.a4 Rg5 35.axb5 axb5 36.Rfd2 Re5
37.Kg2 Rc7 38.Kg3 Rc3 39.Kf4 Rf5+ 40.exf5 e5+ 41.Kg3 Rxf3+ 42.Kg4 exd4 43.Rxd4 Rc3  1/2-1/2

[Event "Buenos Aires TB"]
[Site "Buenos Aires"]
[Date "1989.??.??"]
[Round "?"]
[White "Rocha, Antonio"]
[Black "Cid, Marino Alejandro"]
[Result "0-1"]
[WhiteElo "2330"]
[BlackElo "2285"]

1.e4 c5 2.Nf3 e6 3.d4 cxd4 4.Nxd4 a6 5.Nc3 Qc7 6.g3 Nc6 7.Bg2 Nf6 8.Nb3 d6
9.Be3 Be7 10.O-O Rb8 11.Qe2 O-O 12.Rad1 b5 13.a3 Ne5 14.Bc1 Nc4 15.Rd3 a5
16.Re1 Ba6 17.g4 Rfc8 18.Rh3 b4 19.axb4 axb4 20.Nd1 Qb6 21.g5 Ne5 22.Qe3 Nfd7
23.f4 Ng6 24.Qxb6 Nxb6 25.f5 Ne5 26.fxe6 Rxc2 27.exf7+ Nxf7 28.Ne3 Rc7 29.Nf5 Bf8
30.Nbd4 Bc8 31.Bf4 Ne5 32.b3 g6 33.Nh6+  0-1

[Event "Buenos Aires FMDA tt"]
[Site "Buenos Aires"]
[Date "1989.??.??"]
[Round "3"]
[White "Pla, Silvio"]
[Black "Filgueira, Hernan"]
[Result "1-0"]
[WhiteElo "2215"]
[BlackElo "2295"]

1.e4 c5 2.Nf3 e6 3.d4 cxd4 4.Nxd4 a6 5.Nc3 Qc7 6.g3 Nc6 7.Bg2 d6 8.O-O Bd7
9.a4 Nf6 10.Nb3 Be7 11.a5 Ne5 12.f4 Nc4 13.g4 Bc8 14.g5 Nd7 15.Qd4 O-O 16.f5 Nde5
17.f6 Bd8 18.fxg7 Kxg7 19.Rf3 b5 20.Rh3 Qa7 21.g6 Qxd4+ 22.Nxd4 hxg6 23.Bh6+ Kg8
24.Bxf8 Kxf8 25.b3 Na3 26.Rxa3 b4 27.Ra2 bxc3 28.Rxc3 Bb7 29.h3 Bg5 30.Kf2 Bd2
31.Rc7 Rb8 32.Ke2 Bb4 33.c3 Bc5 34.Nf3 Nc6 35.b4 Ba7 36.Rd2 d5 37.exd5 exd5
38.Rxd5 Re8+ 39.Kd1 Nxb4 40.Rdd7 Nd5  1-0

[Event "Buenos Aires FMDA tt"]
[Site "Buenos Aires"]
[Date "1989.??.??"]
[Round "7"]
[White "Farah, Rodolfo"]
[Black "Trincado, Juan Fernando"]
[Result "0-1"]
[WhiteElo "2205"]
[BlackElo "2310"]

1.e4 c5 2.Nf3 e6 3.d4 cxd4 4.Nxd4 a6 5.Nc3 Qc7 6.g3 Nc6 7.Bg2 Nf6 8.O-O Nxd4
9.Qxd4 Bc5 10.Bf4 d6 11.Qd2 h6 12.b4 Bxb4 13.Nb5 axb5 14.Qxb4 e5 15.Be3 Bd7
16.a4 Rxa4 17.Rxa4 bxa4 18.Bb6 Qc6 19.Rd1 O-O 20.Rxd6 Qxc2 21.h3 Bc6 22.f3 a3
23.Rd2 Qc1+ 24.Kh2 Ra8 25.Ba5 Nd7 26.Ra2 b6 27.Qd2 Qxd2 28.Bxd2 b5 29.Bf1 Ra4
30.Be2 Nc5 31.Be3 Ne6 32.Bd1 Ra8 33.Bd2 Rd8 34.Be2 Rd4 35.Be3 b4 36.Bxd4 Nxd4
37.Bd1 Bb5 38.Kg2 Bc4 39.Ra1 a2  0-1

[Event "Cannes op"]
[Site "Cannes"]
[Date "1989.??.??"]
[Round "?"]
[White "Andrijevic, Milan"]
[Black "Chomet, Pascal"]
[Result "1-0"]
[WhiteElo "2410"]
[BlackElo "2265"]

1.e4 c5 2.Nf3 e6 3.Nc3 a6 4.d4 cxd4 5.Nxd4 d6 6.Be2 Nf6 7.O-O Be7 8.f4 O-O
9.Be3 Qc7 10.Kh1 b5 11.Bf3 Bb7 12.e5 dxe5 13.fxe5 Nfd7 14.Bxb7 Qxb7 15.Bf4 Nc6
16.Qf3 Rac8 17.Rad1 Nc5 18.Qg4 Rfd8 19.Nxc6 Qxc6 20.Bh6 Bf8 21.Rde1 Qc7 22.Rf3 g6
23.Bxf8 Rxf8 24.h4 Nd7 25.Rfe3 Nb6 26.h5 Nc4 27.Re4 Nxb2 28.Ne2 Qe7 29.Qh3 Na4
30.Nd4 Rc3 31.Qg4 Rfc8 32.Rf1 Nb2 33.Ref4 Rf8 34.hxg6 hxg6 35.Rf6 Nc4 36.Qg5 Qb7
37.Rxg6+ fxg6 38.Qxg6+ Qg7 39.Rxf8+ Kxf8 40.Nxe6+  1-0

[Event "Caorle op"]
[Site "Caorle"]
[Date "1989.??.??"]
[Round "4"]
[White "Pastres, Roberto"]
[Black "Dilic, R."]
[Result "1-0"]
[WhiteElo "2025"]
[BlackElo "1900"]

1.e4 c5 2.Nf3 e6 3.d4 cxd4 4.Nxd4 a6 5.Nc3 Qc7 6.g3 Nc6 7.Bg2 Nge7 8.Nb3 Ng6
9.O-O b5 10.a4 Rb8 11.axb5 axb5 12.Nd4 Nxd4 13.Qxd4 Ne5 14.Bf4 f6 15.Ra7 Qc4
16.Bxe5 fxe5 17.Qxe5 d6 18.Qh5+ g6 19.Qh4 Rb7 20.Rxb7 Bxb7 21.Qf6 Rg8 22.b3 Qc8
23.Nxb5 Be7 24.Qd4 Qxc2 25.Nxd6+ Bxd6 26.Qxd6 Qxb3 27.Rd1 Bc8 28.Qd8+ Kf7
29.Qc7+ Kf6 30.e5+ Kg5 31.Qc1+ Kh5 32.g4+ Kh4 33.Qh6+  1-0

[Event "Chianciano tt"]
[Site "Chianciano"]
[Date "1989.??.??"]
[Round "?"]
[White "Wagman, Stuart"]
[Black "Mariotti, Sergio"]
[Result "0-1"]
[WhiteElo "2290"]
[BlackElo "2445"]

1.e4 c5 2.Nf3 e6 3.d4 cxd4 4.Nxd4 a6 5.Nc3 Qc7 6.g3 Nf6 7.Bg2 Be7 8.O-O O-O
9.Re1 d6 10.g4 Nc6 11.g5 Nxd4 12.Qxd4 Nd7 13.h4 Re8 14.b3 Ne5 15.Bb2 Bf8
16.Rac1 Ng6 17.Qe3 Nxh4 18.Qg3 Ng6 19.Bf3 Bd7 20.Kg2 Qa5 21.Ne2 Be7 22.e5 dxe5
23.Bxb7 Rad8 24.Bc3 Qc7 25.Be4 Bc6 26.Bxc6 Qxc6+ 27.Kg1 Rd5  0-1

[Event "COL-ch"]
[Site "COL"]
[Date "1989.??.??"]
[Round "?"]
[White "Mendoza, Rafael"]
[Black "Dlaykan, Fernando"]
[Result "1-0"]
[WhiteElo "2275"]
[BlackElo "2245"]

1.e4 c5 2.Nf3 e6 3.d4 cxd4 4.Nxd4 a6 5.Nc3 Nc6 6.f4 d6 7.Nf3 Qc7 8.Bd3 Nf6
9.O-O Be7 10.Kh1 O-O 11.Qe1 d5 12.Bd2 b5 13.e5 Nd7 14.Qg3 b4 15.Ne2 f5 16.exf6 Nxf6
17.Qe1 Bd6 18.Ned4 Nxd4 19.Nxd4 e5 20.fxe5 Bxe5 21.Qh4 a5 22.Rae1 Bxd4 23.Qxd4 Bb7
24.Bf4 Qd7 25.Bg5 Qd6 26.Bxf6 gxf6 27.Qg4+ Kh8 28.Bxh7 Rf7 29.Bf5 Re7 30.Qh3+ Kg8
31.Be6+ Kg7 32.Qg4+ Kh8 33.Qh4+ Rh7 34.Qxf6+  1-0

[Event "Dieren op"]
[Site "Dieren"]
[Date "1989.??.??"]
[Round "7"]
[White "Pirisi, Gabor"]
[Black "Bosboom, Manuel"]
[Result "1-0"]
[WhiteElo "2390"]
[BlackElo "2375"]

1.e4 c5 2.Nf3 e6 3.d4 cxd4 4.Nxd4 a6 5.Nc3 Qc7 6.g3 Nf6 7.Bg2 Be7 8.O-O d6
9.h3 Nc6 10.Nde2 Rb8 11.g4 b5 12.g5 Nd7 13.Ng3 g6 14.f4 h6 15.gxh6 Rxh6 16.Be3 Rh7
17.Qe2 b4 18.Na4 e5 19.f5 Nd4 20.Qf2 Bh4 21.fxg6 fxg6 22.Bxd4 exd4 23.e5 Nxe5
24.Qf8+ Kd7 25.Ne4 Be7 26.Qg8 Rh5 27.Nf6+ Bxf6 28.Rxf6 Rf5 29.Qg7+ Kd8 30.Rf8+ Rxf8
31.Qxf8+ Kd7 32.Rf1 Qd8 33.Qg7+ Qe7 34.Bc6+ Nxc6 35.Rf7 Qxf7 36.Qxf7+ Ne7
37.Qf6 Rb5 38.h4 Bb7 39.Qxd4 a5 40.Nb6+ Kc7 41.Nc4 Nf5 42.Qf6 Be4 43.Qf7+ Kd8
44.Qxg6 Rd5 45.Nd2 Ne7 46.Qxe4 Rxd2 47.h5 d5 48.Qe5  1-0

[Event "Dortmund op"]
[Site "Dortmund"]
[Date "1989.??.??"]
[Round "10"]
[White "Prandstetter, Eduard"]
[Black "Stoeckmann, Helmut"]
[Result "1-0"]
[WhiteElo "2415"]
[BlackElo "2220"]

1.e4 c5 2.Nf3 e6 3.d4 cxd4 4.Nxd4 a6 5.Nc3 Qc7 6.Bd3 Nc6 7.Nxc6 bxc6 8.O-O d5
9.Qe2 Nf6 10.Bg5 Bb4 11.exd5 Bxc3 12.bxc3 cxd5 13.c4 dxc4 14.Bxc4 Bb7 15.Bd3 Nd7
16.Rab1 Nc5 17.Qg4 Nxd3 18.cxd3 h5 19.Qb4 Bc6 20.Rfc1 f6 21.Qc4 Kd7 22.Bf4 e5
23.d4 exf4 24.d5 Rhb8 25.Qe4 Qe5 26.dxc6+ Kc8 27.Qh7  1-0

[Event "Edinburgh op"]
[Site "Edinburgh"]
[Date "1989.??.??"]
[Round "?"]
[White "Clarke, Thomas"]
[Black "Thomson, Craig S M"]
[Result "0-1"]
[WhiteElo "2230"]
[BlackElo "2345"]

1.e4 c5 2.Nf3 e6 3.Nc3 a6 4.d4 cxd4 5.Nxd4 Nc6 6.Be3 Qc7 7.Be2 Nf6 8.O-O Bb4
9.Na4 O-O 10.Nxc6 bxc6 11.Nb6 Rb8 12.Nxc8 Rfxc8 13.Bxa6 Rf8 14.Bd3 Bd6 15.f4 e5
16.Qf3 Rxb2 17.Qh3 exf4 18.Bd4 Be5 19.Bxb2 Bxb2 20.Rab1 Be5 21.g3 fxg3 22.hxg3 h5
23.Kg2 g6 24.Qh4 Ng4 25.Rf3 Qa5 26.Qg5 Qxa2 27.Rb7 Qe6 28.Rf1 Bd4 29.Rfb1 Be3
30.Qa5 Qf6 31.Qe1 Bf2 32.e5 Qg5 33.Qe2 Bd4 34.Rxd7 Ne3+ 35.Kh3 Qxe5 36.Rbb7 Qe6+
37.Kh2 c5 38.Qf3 Ng4+ 39.Kg2 Ne3+ 40.Kh2 Ng4+ 41.Kg2 Qe1 42.Rxd4 cxd4 43.Kh3 Qg1
44.Kh4 Ne5 45.Qe4 Qh2+  0-1

[Event "Edinburgh op"]
[Site "Edinburgh"]
[Date "1989.??.??"]
[Round "?"]
[White "McKay, Roderick M"]
[Black "Pritchett, Craig William"]
[Result "1/2-1/2"]
[WhiteElo "2410"]
[BlackElo "2375"]

1.e4 c5 2.Nf3 e6 3.d4 cxd4 4.Nxd4 a6 5.Nc3 Nc6 6.g3 d6 7.Bg2 Bd7 8.O-O Nf6
9.a4 Be7 10.Nb3 O-O 11.a5 Rc8 12.f4 b6 13.axb6 Qxb6+ 14.Kh1 Nb4 15.Nd4 e5
16.fxe5 dxe5 17.Nf5 Bxf5 18.exf5 Qd4 19.Qe2 Rfd8 20.Bg5 h6 21.Bxf6 Bxf6 22.Rfd1 Qb6
23.Rxd8+ Qxd8 24.Be4 Bg5  1/2-1/2

[Event "ESP-ch"]
[Site "ESP"]
[Date "1989.??.??"]
[Round "9"]
[White "Fernandez Garcia, Jose L"]
[Black "Illescas Cordoba, Miguel"]
[Result "1/2-1/2"]
[WhiteElo "2330"]
[BlackElo "2525"]

1.e4 c5 2.Nf3 e6 3.Nc3 a6 4.d4 cxd4 5.Nxd4 Nc6 6.Nxc6 bxc6 7.Bd3 d5 8.O-O Nf6
9.Re1 Bb7 10.e5 Nd7 11.Na4 Be7 12.Qg4 g5 13.b3 h5 14.Qe2 c5 15.c4 d4 16.Be4 Qc7
17.Bxb7 Qxb7 18.Nb2 Nf8 19.Nd3 Ng6 20.Rb1 Rc8 21.Bd2 Nh4 22.Qe4 Qxe4 23.Rxe4 Nf5
24.Ree1 O-O 25.Rec1 Rc6 26.a3 Rfc8 27.Rb2 Bd8 28.Kf1 Kg7 29.Rbc2 a5 30.Rb2 Kg6
31.h3 h4 32.Ke2 Ra8 33.Kf3 Be7 34.Ke2 Rcc8 35.Kf3 Rg8 36.Ke2 Rgc8 37.Kf3  1/2-1/2

[Event "FRA-chB"]
[Site "?"]
[Date "1989.??.??"]
[Round "?"]
[White "Parmentier, Xavier"]
[Black "Guyot, Philippe"]
[Result "0-1"]
[WhiteElo "2250"]
[BlackElo "2320"]

1.e4 c5 2.Nf3 e6 3.d4 cxd4 4.Nxd4 a6 5.Nc3 Qc7 6.Be2 Nf6 7.O-O Nc6 8.Kh1 Nxd4
9.Qxd4 Bc5 10.Qd3 h5 11.f4 Ng4 12.Bxg4 hxg4 13.e5 b5 14.Ne4 Bb7 15.Nxc5 Qxc5
16.Qg3 Qxc2 17.f5 exf5 18.Bf4 Rh3 19.Qf2 Qxf2 20.Rxf2 Rc8 21.Kg1 Rd3 22.Rc1 Rxc1+
23.Bxc1 Be4 24.Bf4 Ke7 25.Rd2 Rxd2 26.Bxd2 Ke6 27.g3 Kd5 28.Kf2 Bb1 29.a3 Ke4
30.Ke2 Bd3+ 31.Kf2 Bc4 32.Bf4 Kd3 33.Be3 Bd5 34.Bc5 Be4 35.Bf8 g6 36.Bg7 Bd5
37.Bf6 Be6 38.Be7 Kc2 39.b4 Kb3 40.Ke3 Kxa3 41.Kd4 Kb3 42.Kc5 Kc3 43.Bg5 Kd3
44.Kb6 Ke4 45.Kxa6 Bc4 46.Bf4 Kf3 47.Kb6 Kg2 48.Kc5 Kxh2 49.Kd4 g5  0-1

[Event "Gausdal Int"]
[Site "Gausdal"]
[Date "1989.??.??"]
[Round "?"]
[White "Bjerring, Kai"]
[Black "Jansa, Vlastimil"]
[Result "1-0"]
[WhiteElo "2315"]
[BlackElo "2505"]

1.e4 c5 2.Nf3 e6 3.d4 cxd4 4.Nxd4 a6 5.Nc3 Qc7 6.g3 Nf6 7.Bg2 Be7 8.O-O O-O
9.g4 Nc6 10.Nxc6 bxc6 11.g5 Ne8 12.f4 d5 13.f5 dxe4 14.fxe6 Bxe6 15.Nxe4 Qb6+
16.Kh1 Nc7 17.b3 Rfe8 18.Bb2 Nd5 19.c4 Nb4 20.Qf3 Red8 21.Qc3 Bf8 22.Nf6+ Kh8
23.Be4 Nd5 24.cxd5 cxd5 25.Nxh7 Rac8 26.Qe5 Qd6 27.Nxf8 Qxe5 28.Bxe5 Bh3
29.Bg2 Bxg2+ 30.Kxg2 Rxf8  1-0

[Event "Dreszer op"]
[Site "Gdynia"]
[Date "1989.??.??"]
[Round "9"]
[White "Wielecki, Zygmunt"]
[Black "Kwiatkowski, Lukasz"]
[Result "1-0"]
[WhiteElo "2270"]
[BlackElo "2295"]

1.e4 c5 2.Nf3 e6 3.d4 cxd4 4.Nxd4 a6 5.Nc3 d6 6.Be2 g6 7.Be3 Bg7 8.Qd2 Nf6
9.O-O-O O-O 10.Nb3 Ne8 11.h4 Nd7 12.h5 b5 13.hxg6 fxg6 14.Nd5 Nef6 15.Nxf6+ Qxf6
16.Bd4 Ne5 17.g3 Qe7 18.Na5 Bb7 19.f4 Nf7 20.Bxg7 Kxg7 21.Bg4 Bxe4 22.Qd4+ e5
23.Qxe4 Qc7 24.Nc6 a5 25.fxe5 Ra6 26.Nd4  1-0

[Event "BL2-N8889"]
[Site "Germany"]
[Date "1989.??.??"]
[Round "?"]
[White "Oppitz, Peter"]
[Black "Klostermann, Markus"]
[Result "0-1"]
[WhiteElo "2280"]
[BlackElo "2260"]

1.e4 c5 2.Nf3 e6 3.d4 cxd4 4.Nxd4 a6 5.Nc3 Qc7 6.g3 Nf6 7.Bg2 Be7 8.O-O O-O
9.Be3 Nc6 10.Nxc6 bxc6 11.Na4 d5 12.exd5 cxd5 13.c4 Bb7 14.Nb6 Rad8 15.cxd5 Nxd5
16.Nxd5 Bxd5 17.Bxd5 Rxd5 18.Qe2 Qb7 19.b3 h5 20.Rfd1 Rfd8 21.Rxd5 Rxd5 22.Rd1 Ra5
23.Rd2 h4 24.Qg4 Qc6 25.gxh4 Qc3 26.Kg2 Bf6 27.Qe4 Re5 28.Qc2 Qa5 29.Rd6 Bxh4
30.Qc4 Bg5 31.Rxa6 Qe1 32.Ra8+ Kh7 33.Qd3+ Rf5 34.Bxg5 Qxf2+ 35.Kh3 g6 36.Bh4 Rf3+  0-1

[Event "BL2-SW8889"]
[Site "Germany"]
[Date "1989.??.??"]
[Round "?"]
[White "Buchal, Stephan"]
[Black "Bosbach, Gerhard"]
[Result "1/2-1/2"]
[WhiteElo "2320"]
[BlackElo "2250"]

1.e4 c5 2.Nf3 e6 3.Nc3 a6 4.d4 cxd4 5.Nxd4 Qc7 6.Bd3 Nf6 7.O-O Be7 8.Qe2 d6
9.Kh1 Bd7 10.f4 Nc6 11.Nf3 O-O 12.e5 Ne8 13.Bd2 g6 14.Ne4 d5 15.Neg5 h6 16.Nh3 Kh7
17.Qe3 Rh8 18.f5 exf5 19.Qxh6+ Kg8 20.Qf4 Ng7 21.Rae1 Be6 22.Qg3 Qb6 23.Be3 Qb4
24.Nf4 Nh5 25.Nxh5 Rxh5 26.Ng5 Kg7 27.Bxf5  1/2-1/2

[Event "Gothenburg"]
[Site "Gothenburg"]
[Date "1989.??.??"]
[Round "10"]
[White "Gdanski, Jacek"]
[Black "Svenn, Gosta"]
[Result "1/2-1/2"]
[WhiteElo "2410"]
[BlackElo "2345"]

1.e4 c5 2.Nf3 e6 3.Nc3 a6 4.d4 cxd4 5.Nxd4 Nc6 6.g3 d6 7.Bg2 Bd7 8.O-O Nf6
9.a4 Nxd4 10.Qxd4 Be7 11.a5 O-O 12.Bg5 Bc6 13.Rfd1 Ne8 14.Bxe7 Qxe7 15.Rd2 Qc7
16.Qb4 Rb8 17.Na4 Nf6 18.Nb6 Rbd8 19.Rad1 d5 20.exd5 Nxd5 21.Qc5 Nf6 22.Bxc6 bxc6
23.Rxd8 Rxd8 24.Rxd8+ Qxd8 25.Qxc6 Qd1+ 26.Kg2 h5 27.h4 Qe2 28.Qc4 Qe5 29.b4 Ng4
30.Qd3 Qe1 31.Qd4 e5 32.Qd8+ Kh7 33.Qd3+ e4 34.Qd4 e3 35.Qf4 exf2 36.Qf5+ Kg8
37.Qc8+  1/2-1/2

[Event "Gran Canaria-ch"]
[Site "Gran Canaria"]
[Date "1989.??.??"]
[Round "?"]
[White "Villavicencio, Adalberto"]
[Black "Solana Suarez, Ernesto"]
[Result "1/2-1/2"]
[WhiteElo "2325"]
[BlackElo "2275"]

1.e4 c5 2.Nf3 e6 3.d4 cxd4 4.Nxd4 a6 5.Nc3 Qc7 6.g3 Bb4 7.Bd2 Nf6 8.Bg2 Nc6
9.Nxc6 dxc6 10.O-O Be7 11.a4 e5 12.h3 O-O 13.Qe2 Be6 14.a5 Nd7 15.Rfd1 Bc5
16.Be3 Bxe3 17.Qxe3 Rfd8 18.Kh2  1/2-1/2

[Event "Groningen"]
[Site "Groningen"]
[Date "1989.??.??"]
[Round "?"]
[White "Kuijf, Marinus"]
[Black "Martinovic, Slobodan"]
[Result "1-0"]
[WhiteElo "2530"]
[BlackElo "2460"]

1.e4 c5 2.Nf3 e6 3.d4 cxd4 4.Nxd4 a6 5.Nc3 Qc7 6.Bd3 Nf6 7.Qe2 d6 8.f4 Nbd7
9.Nf3 e5 10.O-O g6 11.Bc4 h6 12.Kh1 Bg7 13.f5 g5 14.a4 b6 15.Nd5 Nxd5 16.Bxd5 Bb7
17.c4 a5 18.Be3 Nf6 19.Bg1 Rb8 20.Rac1 Ke7 21.b3 g4 22.Nd2 h5 23.Nb1 Bh6
24.Rcd1 Ba6 25.Bf2 Bg5 26.Be1 Nd7 27.Nc3 Nc5 28.Rb1 Kf8 29.Nd1 Qe7 30.Nc3 Qf6
31.Bf2 Ke7 32.Qd1 Qh6 33.Qe2 Bd2 34.Nd1 Rhg8 35.Ne3 Bxe3 36.f6+ Kf8 37.Bxe3 Qh8
38.Qd2 Rg6 39.Rf5 Rc8 40.Bg5 Rc7 41.Bh4 Qh6 42.Bg5 Qh7 43.Ba8 Rd7 44.Bc6 Bb7
45.Bxb7 Nxb7 46.Rxe5 Nc5 47.Qd5 Rd8 48.Bh4 Ne6 49.Rf5 Qh6 50.Rxh5 Qe3 51.Rh8+ Rg8
52.Qh5  1-0

[Event "Groningen op"]
[Site "Groningen"]
[Date "1989.??.??"]
[Round "2"]
[White "Kaminski, Marcin"]
[Black "Hansen, Lars Bo"]
[Result "1-0"]
[WhiteElo "2265"]
[BlackElo "2540"]

1.e4 c5 2.Nf3 e6 3.d4 cxd4 4.Nxd4 a6 5.Nc3 Nc6 6.g3 Nxd4 7.Qxd4 Ne7 8.Bg2 Nc6
9.Qd1 Be7 10.O-O O-O 11.Be3 Rb8 12.a4 d6 13.Qe2 Qc7 14.f4 Bd7 15.Rfd1 Rfc8
16.Bf1 Na5 17.Ba7 Ra8 18.Bd4 Nc4 19.b3 Na5 20.Qe3 Bd8 21.e5 d5 22.Bd3 Nc6
23.Ne2 Nxd4 24.Qxd4 Qc6 25.Qb4 Bb6+ 26.Kf1 a5 27.Qe1 Qc5 28.g4 Qe7 29.Qg3 f6
30.Qh4 h6 31.exf6 Qxf6 32.Qxf6 gxf6 33.c4 Bc6 34.Ng3 Bc7 35.Nh5 Kf7 36.f5 exf5
37.cxd5 Bxd5 38.Bb5 Be6 39.Bd7 Rg8 40.Bxe6+ Kxe6 41.gxf5+ Kxf5 42.Ra2 Kg6
43.Rd5 Be5 44.Ng3 Rgd8 45.Rb5 Rd1+ 46.Kg2 Rd7 47.Ne4 Re7 48.Nc5 Rb8 49.Rd2 Bc3
50.Rd3 Be1 51.Rd7 Re2+ 52.Kf1 Rbe8 53.Rbxb7 Rxh2 54.Nd3 Bd2 55.Rg7+ Kh5 56.Rb5+ Bg5
57.Nf2 Re3 58.Kg1 Rh4 59.Rgb7 Rf4 60.Nh1 Re1+ 61.Kg2 Re2+ 62.Kg1 Rg4+ 63.Kf1 Rh2  1-0

[Event "Groningen op"]
[Site "Groningen"]
[Date "1989.??.??"]
[Round "9"]
[White "Kuczynski, Robert"]
[Black "Velikov, Petar"]
[Result "1-0"]
[WhiteElo "2450"]
[BlackElo "2465"]

1.e4 c5 2.Nf3 e6 3.d4 cxd4 4.Nxd4 a6 5.Nc3 Qc7 6.Bd3 Nf6 7.O-O d6 8.f4 Nbd7
9.Kh1 b5 10.a3 Bb7 11.Qf3 Be7 12.Be3 Nc5 13.Rae1 O-O 14.Bg1 g6 15.Qg3 Qd8
16.f5 e5 17.Nf3 Nh5 18.Qg4 Rc8 19.Be3 Bf6 20.Ng5 Nf4 21.Bxf4 exf4 22.Nh3 Bxc3
23.bxc3 Nd7 24.fxg6 hxg6 25.Ng5 Qe7 26.Rxf4 Ne5 27.Qg3 Kg7 28.Ref1 f6 29.Nf3 Rxc3
30.Nd4 Bc8 31.h4 Kh7 32.Nf3 Nxd3 33.Ng5+ Kg7 34.cxd3 Qe5 35.Qe3 Qc5 36.Qf3 Rc1
37.Rxc1 Qxc1+ 38.Kh2 Qxa3 39.Qf2 Qc5 40.d4 Qc7 41.e5 dxe5 42.dxe5 Bd7 43.Nf3 Bf5
44.Qd4 fxe5 45.Nxe5 Rd8 46.Qb2 Kh7 47.h5 Rd5 48.Nxg6 Bxg6 49.hxg6+ Kxg6 50.Qf6+ Kh7
51.Qh4+  1-0

[Event "EU-chT"]
[Site "Haifa"]
[Date "1989.??.??"]
[Round "5"]
[White "Dimitrov, Vladimir"]
[Black "Cvitan, Ognjen"]
[Result "1-0"]
[WhiteElo "2435"]
[BlackElo "2515"]

1.e4 c5 2.Nf3 e6 3.d4 cxd4 4.Nxd4 a6 5.Nc3 Qc7 6.Be2 b5 7.O-O Bb7 8.Re1 Nc6
9.Nxc6 dxc6 10.e5 Bb4 11.Bd2 Rd8 12.a4 Bxc3 13.bxc3 Ne7 14.Bd3 Ng6 15.Qg4 O-O
16.axb5 cxb5 17.c4 h5 18.Qg3 Rd7 19.h3 bxc4 20.Bxg6 Rxd2 21.Qc3 Rfd8 22.Bxh5 Qc5
23.Be2 R8d4 24.Rab1 Be4 25.Rb8+ Kh7 26.Qg3 Bxc2 27.Qg5 Bg6 28.Bg4 Rxg4 29.Qxd2 Rd4
30.Qb4 Rd5 31.Qb7 Rd2 32.Re3 Ra2 33.Qa8 Bf5 34.Rh8+ Kg6 35.Qf3  1-0

[Event "HUN-ch"]
[Site "?"]
[Date "1989.??.??"]
[Round "?"]
[White "Szalanczy, Emil"]
[Black "Tolnai, Tibor"]
[Result "1/2-1/2"]
[WhiteElo "2400"]
[BlackElo "2480"]

1.e4 c5 2.Nf3 e6 3.d4 cxd4 4.Nxd4 a6 5.Nc3 Qc7 6.Be2 Nc6 7.Be3 Nf6 8.O-O Bb4
9.Nxc6 bxc6 10.Bd3 Bxc3 11.bxc3 c5 12.c4 Bb7 13.Qf3 d6 14.Bh6 O-O 15.Qg3 Ne8
16.Rfe1  1/2-1/2

[Event "JUG-ch"]
[Site "?"]
[Date "1989.??.??"]
[Round "?"]
[White "Ivanovic, Bozidar"]
[Black "Cabrilo, Goran"]
[Result "1-0"]
[WhiteElo "2530"]
[BlackElo "2480"]

1.e4 c5 2.Nf3 e6 3.d4 cxd4 4.Nxd4 a6 5.Nc3 Qc7 6.Be2 Nf6 7.O-O Be7 8.f4 d6
9.Qe1 Nc6 10.Be3 O-O 11.Kh1 Bd7 12.Qg3 Kh8 13.Rae1 b5 14.a3 Rab8 15.Nf3 b4
16.axb4 Nxb4 17.Bd1 d5 18.exd5 Nfxd5 19.Bd4 f6 20.Ne5 Bd6 21.Nxd7 Qxd7 22.Ne4 Bxf4
23.Qh3 Nc6 24.Bc5 Rfd8 25.c4 Be5 26.cxd5 exd5 27.Bg4  1-0